Flood Risk Modelling of the Slatvinec Stream in Kružlov Village, Slovakia

Gespeichert in:
Bibliographische Detailangaben
1. Verfasser: Zeleňáková, Martina
Weitere Verfasser: Fijko, Rastislav, Labant, Slavomír, Weiss, Erik, 1979-, Markovič, Gabriel, Weiss, Roland, 1984-
Format: Buchkapitel
Sprache:Englisch
Tags: Tag hinzufügen
Keine Tags, Fügen Sie das erste Tag hinzu!

MARC

LEADER 00000naa a2200000 4500
001 0308068
005 20250414094452.9
041 0 |a eng 
044 |a NL 
245 1 0 |a Flood Risk Modelling of the Slatvinec Stream in Kružlov Village, Slovakia  |c Martina Zeleňáková, Rastislav Fijko, Slavomír Labant, Erik Weiss, Gabriel Markovič, Roland Weiss 
100 1 |a Zeleňáková, Martina 
700 1 |a Fijko, Rastislav 
700 1 |a Labant, Slavomír 
700 1 |a Weiss, Erik, 1979- 
700 1 |a Markovič, Gabriel 
700 1 |a Weiss, Roland, 1984-